[Event "Ogolnopolska Olimpiada Mlodziezy D-14"]
[Site "Spala"]
[Date "1899-12-30"]
[Round "7.3"]
[White "Sliwicka, Alicja"]
[Black "Kostecka, Marika"]
[Result "1-0"]
[WhiteTitle "WFM"]
[BlackTitle "II"]
[WhiteElo "1841"]
[BlackElo "1392"]

1. e4 e5 2. Nf3 Nc6 3. Bc4 Bc5 4. c3 Nf6 5. d3 d6 6. Bb3 h6 7. Nbd2 Be6 8. h3 a6
9. Nf1 Bxb3 10. axb3 d5 11. Qe2 Qe7 12. Ng3 Ba7 13. Nf5 Qf8 14. exd5 Nxd5 15.
Nxe5 O-O-O 16. Nxc6 bxc6 17. O-O Re8 18. Qg4 Kb7 19. Qc4 Qc5 20. Qxa6+ Kb8 21.
Nd4 Nb4 22. cxb4 Qxd4 23. Be3 1-0

[Event "Ogolnopolska Olimpiada Mlodziezy D-14"]
[Site "Spala"]
[Date "1899-12-30"]
[Round "7.4"]
[White "Guzik, Natalia"]
[Black "Stebel, Agata"]
[Result "1-0"]
[WhiteTitle "I"]
[BlackTitle "I"]
[WhiteElo "1498"]
[BlackElo "1673"]

1. e4 c5 2. Nf3 Nc6 3. d4 cxd4 4. Nxd4 Nf6 5. Nc3 e5 6. Ndb5 d6 7. Nd5 Nxd5 8.
exd5 Nb8 9. c3 Be7 10. Bd3 O-O 11. O-O a6 12. Na3 f5 13. f4 Nd7 14. Be3 exf4 15.
Bxf4 Bg5 16. Kh1 Ne5 17. Be2 Bxf4 18. Rxf4 g5 19. Rf1 Qf6 20. Qd4 f4 21. Nc4 g4
22. Rae1 b5 23. Nd2 Qh6 24. Bd1 g3 25. Qg1 Nd3 26. Re7 Qh4 27. Re2 Nf2+ 28. Rexf2
gxf2 29. Rxf2 Bf5 30. Nf3 Qh6 31. Nd4 Rae8 32. Re2 Rxe2 33. Bxe2 Kh8 34. Nxf5
Rxf5 35. Qa7 f3 36. Qd4+ Re5 37. Bxf3 Qc1+ 38. Bd1 Qxb2 39. Qh4 Qxc3 40. Qd8+
Kg7 41. Qd7+ Kg8 42. Qd8+ Kg7 43. Qd7+ Kf6 44. Qxd6+ Kg5 45. h4+ Kxh4 46. Qh6+
Kg3 47. Qh3+ Kf2 48. Qxc3 1-0

[Event "Ogolnopolska Olimpiada Mlodziezy D-14"]
[Site "Spala"]
[Date "1899-12-30"]
[Round "7.5"]
[White "Socko, Weronika"]
[Black "Pedrak, Paulina"]
[Result "1-0"]
[WhiteTitle "II+"]
[BlackTitle "I"]
[WhiteElo "1518"]
[BlackElo "1367"]

1. d4 d5 2. c4 e6 3. Nc3 c6 4. e3 Nf6 5. Nf3 Bb4 6. Bd2 O-O 7. Bd3 Nbd7 8. O-O
Re8 9. Qc2 Bxc3 10. Bxc3 h6 11. Bb4 e5 12. Bf5 e4 13. Bxd7 Nxd7 14. Nd2 Qg5 15.
Bd6 Nf6 16. Bf4 Qg6 17. cxd5 cxd5 18. Qc7 Nh5 19. Qd6 Nxf4 20. Qxf4 Bh3 21. Qg3
Qxg3 22. hxg3 Bd7 23. Rac1 Rac8 24. Rc5 Rxc5 25. dxc5 Bb5 26. Ra1 Rc8 27. b4 b6
28. Rc1 a5 29. a3 axb4 30. axb4 bxc5 31. Rxc5 Rxc5 32. bxc5 Kf8 33. Nb3 Ke7 34.
Nd4 Bd7 35. Kf1 g6 36. Ke1 Bc8 37. f3 f5 38. f4 Kd7 39. Kd2 Ba6 40. Kc3 Bb7 41.
Kb4 Bc6 42. Ka5 Kc7 43. Ne6+ Kb7 44. Nd4 Bd7 45. Kb4 Kc7 46. Nb3 Bc6 47. Kc3 Kd7
48. Kd4 Ba8 49. Ke5 Kc6 50. Kf6 d4 51. Nxd4+ Kxc5 52. Kxg6 Kc4 53. Kxh6 Bb7 54.
Nxf5 Bd5 55. Ne7 Bb7 56. f5 Kd3 57. f6 Kxe3 58. f7 1-0

[Event "Ogolnopolska Olimpiada Mlodziezy D-14"]
[Site "Spala"]
[Date "1899-12-30"]
[Round "7.6"]
[White "Jurkiewicz, Zuzanna"]
[Black "Frej, Zofia"]
[Result "0-1"]
[WhiteTitle "I"]
[BlackTitle "I+"]
[WhiteElo "1426"]
[BlackElo "1747"]

1. d4 d5 2. c4 e6 3. Nc3 c5 4. cxd5 exd5 5. e3 Nf6 6. Nf3 Nc6 7. Be2 c4 8. O-O
Bd6 9. b3 cxb3 10. Qxb3 O-O 11. Bd3 Re8 12. a3 a6 13. Bd2 b5 14. Na2 Bg4 15. Be2
Ne4 16. Bc3 Rc8 17. Rfc1 Re6 18. g3 Qf6 19. Kg2 Qf5 20. Be1 Qh5 21. Bb4 Rh6 22.
Rh1 Bxb4 23. Nxb4 Rf6 24. Nd3 Bxf3+ 0-1

[Event "Ogolnopolska Olimpiada Mlodziezy D-14"]
[Site "Spala"]
[Date "1899-12-30"]
[Round "7.7"]
[White "Daliga, Anita"]
[Black "Leczek, Weronika"]
[Result "1-0"]
[WhiteTitle "II+"]
[BlackTitle "I"]
[WhiteElo "1390"]
[BlackElo "1632"]

1. e4 c5 2. Nf3 Nc6 3. d4 cxd4 4. Nxd4 Nf6 5. Nc3 d6 6. Be2 g6 7. Be3 Bg7 8. O-O
O-O 9. h3 a6 10. Qd2 Nxd4 11. Bxd4 b5 12. a3 Be6 13. Rfe1 Bc4 14. Bf3 Rc8 15.
Rad1 Nd7 16. Bxg7 Kxg7 17. Bg4 Be6 18. f4 Bxg4 19. hxg4 Qb6+ 20. Kh2 h5 21. g5
f6 22. Nd5 Qd8 23. f5 Ne5 24. Nf4 Ng4+ 25. Kg3 h4+ 26. Kxg4 gxf5+ 27. exf5 Rc4
28. b3 Rxf4+ 29. Qxf4 e5 30. fxe6 f5+ 31. Kxh4 Rh8+ 32. Kg3 1-0

[Event "Ogolnopolska Olimpiada Mlodziezy D-14"]
[Site "Spala"]
[Date "1899-12-30"]
[Round "7.8"]
[White "Kalinowska, Karolina"]
[Black "Humin, Julia"]
[Result "0-1"]
[WhiteTitle "I"]
[BlackTitle "II+"]
[WhiteElo "1537"]
[BlackElo "1418"]

1. e4 c5 2. Nf3 Nc6 3. d4 cxd4 4. Nxd4 Nf6 5. Nc3 e5 6. Ndb5 d6 7. Bg5 a6 8. Na3
b5 9. Nd5 Be7 10. Bxf6 Bxf6 11. c3 Ne7 12. Nxf6+ gxf6 13. Nc2 f5 14. exf5 Bxf5
15. Ne3 Be6 16. c4 Qa5+ 17. Qd2 Qxd2+ 18. Kxd2 bxc4 19. Nxc4 O-O 20. Ke1 Bxc4
21. Bxc4 d5 22. Be2 a5 23. b3 Rac8 24. Kd2 f5 25. Rac1 Kf7 26. Rhd1 Ke6 27. Ba6
Rxc1 28. Rxc1 Kd6 29. Rc3 Rg8 30. Bf1 Rg7 31. Rh3 Ng6 32. Rh6 Ke7 33. Rh3 Nf4
34. Rc3 Kd6 35. g3 Ne6 36. Rc8 Rc7 37. Rxc7 Kxc7 38. Bh3 Ng7 39. Bg2 Kd6 40. Kc3
Kc5 41. a3 d4+ 42. Kd3 e4+ 43. Kc2 Ne8 44. Bh3 Nd6 45. Bf1 d3+ 46. Kd2 Kd4 47.
Bh3 h6 48. Bg2 a4 49. bxa4 Nc4+ 50. Kd1 Kc3 51. Bf1 Nb2+ 0-1

[Event "Ogolnopolska Olimpiada Mlodziezy D-14"]
[Site "Spala"]
[Date "1899-12-30"]
[Round "7.9"]
[White "Trembowiecka-wysota, Aleksandra"]
[Black "Kwiatkowska, Agnieszka"]
[Result "1-0"]
[WhiteTitle "I"]
[BlackTitle "II+"]
[WhiteElo "1451"]
[BlackElo "1518"]

1. e4 c5 2. Nf3 Nc6 3. d4 cxd4 4. Nxd4 e5 5. Nb5 a6 6. Nd6+ Bxd6 7. Qxd6 Qf6 8.
Qxf6 Nxf6 9. Nc3 Nb4 10. Kd2 d5 11. a3 d4 12. axb4 dxc3+ 13. Ke3 cxb2 14. Bxb2
O-O 15. f3 Re8 16. Ra5 Nd7 17. Bb5 f6 18. Rd1 Re7 19. Bc4+ Kh8 20. Bd5 Ra7 21.
c4 h6 22. Rc1 Nb8 23. b5 b6 24. Ra2 axb5 25. Rxa7 Rxa7 26. cxb5 Bd7 27. Rc3 Kh7
28. Bc4 Be8 29. Bd3 Bf7 30. Ba3 Nd7 31. Bd6 Rb7 32. Rc7 Rxc7 33. Bxc7 Kg8 34.
Kd2 Kf8 35. Kc3 Ke7 36. Bc4 Bxc4 37. Kxc4 Ke6 38. g3 g6 39. g4 f5 40. gxf5+ gxf5
41. exf5+ Kxf5 42. Kd5 Kf4 43. Kc6 Nc5 44. Bxb6 Na4 45. Bc7 h5 46. b6 Nxb6 47.
Kxb6 Kxf3 48. Bxe5 h4 49. Kc5 Ke4 50. Bf6 h3 51. Bh4 Kf3 52. Bg3 Kg4 53. Kd5 Kf5
54. Be5 Kg6 55. Ke4 Kh5 56. Kf5 Kh6 57. Ke4 1-0

[Event "Ogolnopolska Olimpiada Mlodziezy D-14"]
[Site "Spala"]
[Date "1899-12-30"]
[Round "7.10"]
[White "Krzywnicka, Maria"]
[Black "Trybowska, Barbara"]
[Result "0-1"]
[WhiteTitle "II"]
[BlackTitle "I"]
[WhiteElo "1360"]
[BlackElo "1457"]

1. e4 e5 2. Nf3 Nc6 3. Bb5 Bc5 4. c3 d6 5. d4 exd4 6. cxd4 Bb4+ 7. Bd2 Bxd2+ 8.
Nbxd2 Bd7 9. d5 Ne5 10. Qb3 Nxf3+ 11. Nxf3 Rb8 12. O-O Ne7 13. Bxd7+ Qxd7 14.
Rfe1 O-O 15. e5 Ng6 16. e6 fxe6 17. dxe6 Qe7 18. Rac1 c6 19. Qe3 a6 20. Qg5 Qxg5
21. Nxg5 h6 22. Nf7 d5 23. g3 Ne7 24. f4 Nf5 25. g4 Nd4 26. Kg2 Nxe6 27. Nxh6+
gxh6 28. Rxe6 Rxf4 29. Kg3 Rbf8 30. Rce1 Kg7 31. Kh4 Rf2 32. R1e2 Rxe2 33. Rxe2
Kg6 34. h3 Rf6 35. Re7 b6 36. Kg3 h5 37. gxh5+ Kxh5 38. Re5+ Kh6 39. Re2 c5 40.
b3 c4 41. bxc4 dxc4 42. Rc2 b5 43. Rc3 Rd6 44. a3 a5 45. Kf2 Re6 46. Kf3 Kg5 47.
Kf2 Re4 48. Kf3 Rh4 49. Kf2 b4 50. axb4 axb4 51. Rc1 Re4 52. Kf3 Kf5 53. Rb1 b3
54. Kf2 Ke5 55. Kg3 Kd5 56. h4 c3 57. Rxb3 c2 58. Rb5+ Kc4 59. Rb8 Re3+ 60. Kf4
Rc3 61. Rc8+ Kb3 62. Rb8+ Ka2 63. Ra8+ Kb2 64. Rb8+ Rb3 65. Rc8 Rc3 66. Rb8+ Ka3
67. Ra8+ Kb4 68. Ra1 c1=Q+ 69. Rxc1 Rxc1 70. Kg5 Kc5 71. h5 Kd6 72. Kg6 Ke7 73.
h6 Rg1+ 74. Kh7 Kf7 75. Kh8 Rh1 76. Kh7 Rh2 77. Kh8 Rxh6# 0-1

[Event "Ogolnopolska Olimpiada Mlodziezy D-14"]
[Site "Spala"]
[Date "1899-12-30"]
[Round "7.11"]
[White "Zalewska, Katarzyna"]
[Black "Dwilewicz, Agata"]
[Result "0-1"]
[WhiteTitle "II+"]
[BlackTitle "I"]
[WhiteElo "1331"]
[BlackElo "1585"]

1. d4 d5 2. Bf4 Nf6 3. e3 c5 4. c3 e6 5. Nf3 Bd6 6. Bg3 Nc6 7. Nbd2 O-O 8. Bd3
Re8 9. Qb1 b6 10. Bh4 h6 11. Bb5 Bd7 12. Bg3 Qc7 13. Bxd6 Qxd6 14. Bd3 cxd4 15.
cxd4 Nb4 16. Ne5 Rac8 17. Nxd7 Nxd7 18. O-O Nxd3 19. Qxd3 e5 20. dxe5 Nxe5 21.
Qd4 Rc6 22. e4 Ng4 23. e5 Nxe5 24. Rfe1 Re6 25. Rad1 h5 26. f4 Ng4 27. Rxe6 Qxe6
28. Nf3 Rc4 29. Qd2 Qe4 30. h3 Rc2 31. Re1 Rxd2 32. Rxe4 Rd1+ 33. Re1 Ne3 34.
Rxd1 Nxd1 35. b3 Nc3 36. a4 Ne2+ 37. Kf2 Nxf4 38. Ne5 Kf8 39. Nc6 a5 40. Na7 Nd3+
41. Ke3 Nc5 42. Nc8 Nxb3 43. Nxb6 Ke7 44. Nxd5+ Kd6 45. Nf4 g6 46. Nd3 Nc5 47.
Nb2 Kd5 48. g4 hxg4 49. hxg4 g5 50. Ke2 Kd4 51. Kd2 Ne4+ 52. Ke2 Kc3 53. Nd3 Kd4
54. Ne1 Nc3+ 55. Kd2 f6 56. Nc2+ Kc4 57. Ne3+ Kb3 58. Kd3 Nxa4 59. Ke4 Nc5+ 60.
Kf5 Nd7 61. Ke6 a4 62. Kxd7 a3 63. Ke6 a2 64. Kxf6 a1=Q+ 65. Kxg5 Qg7+ 66. Kh5
Qh7+ 67. Kg5 Qe7+ 68. Kf4 Qf7+ 69. Nf5 Kc4 70. Ke5 Qg6 71. Kf4 Qc6 72. Kg3 Qf6
73. Kf4 Qe6 74. Kg5 Kd5 75. Kf4 Qe5+ 76. Kg5 Ke6 77. Kh4 Qf4 78. Kh5 Kf6 79. Kh4
Qh2# 0-1

[Event "Ogolnopolska Olimpiada Mlodziezy D-14"]
[Site "Spala"]
[Date "1899-12-30"]
[Round "7.12"]
[White "Buchta, Agnieszka"]
[Black "Gredka, Dominika"]
[Result "0-1"]
[WhiteTitle "II"]
[BlackTitle "I"]
[WhiteElo "1352"]
[BlackElo "1470"]

1. e4 c5 2. c3 e6 3. d4 cxd4 4. cxd4 d6 5. Nf3 Be7 6. Bd3 Nf6 7. O-O O-O 8. Nc3
a6 9. Bd2 Nc6 10. a3 b5 11. Qc2 e5 12. d5 Nb8 13. h3 Nbd7 14. Na2 Nc5 15. Be3
Nxd3 16. Qxd3 Ne8 17. Nd2 f5 18. f4 fxe4 19. Nxe4 exf4 20. Bxf4 Bf5 21. Nb4 Qd7
22. Qe3 Nf6 23. Nxd6 Bg6 24. Qe6+ Qxe6 25. dxe6 Bxd6 26. Bxd6 Rfe8 27. e7 Bf7
28. Rfe1 a5 29. Nc2 Ra6 30. Bh2 Ra7 31. Nd4 Rb7 32. Nc6 a4 33. Rad1 Bd5 34. Nb4
Rd7 35. Nxd5 Nxd5 36. Re5 Nb6 37. Rxd7 Nxd7 38. Rxb5 Rxe7 39. Ra5 Re4 40. Kf2
Rc4 41. Kf3 Nf6 42. Bd6 Kf7 43. Bb4 Rd4 44. Rxa4 Nd5 45. Ra7+ Kg6 46. Bf8 Rf4+
47. Ke2 Rxf8 48. Rd7 Nf6 49. b4 Nxd7 50. Kd3 Ra8 51. Kc4 Rxa3 52. b5 Ra1 53. Kd5
Rc1 54. Kd6 Nb6 0-1

[Event "Ogolnopolska Olimpiada Mlodziezy D-14"]
[Site "Spala"]
[Date "1899-12-30"]
[Round "7.13"]
[White "Popiel, Natalia"]
[Black "Spadlo, Katarzyna"]
[Result "1-0"]
[WhiteTitle "II"]
[BlackTitle "II"]
[WhiteElo "1319"]
[BlackElo "1318"]

1. e4 e5 2. Nf3 Nc6 3. Bb5 a6 4. Ba4 b5 5. Bb3 Nf6 6. d3 Bb7 7. Ng5 d5 8. exd5
Na5 9. c4 Nxb3 10. Qxb3 Qd7 11. Nc3 c6 12. dxc6 Bxc6 13. Nce4 Nxe4 14. dxe4 h6
15. cxb5 axb5 16. Nf3 Qg4 17. Qxf7+ Kd8 18. Be3 Bb4+ 19. Kf1 Ba5 20. Nxe5 Qxe4
21. Nxc6+ Qxc6 22. Rd1+ Kc8 23. Rc1 Qxc1+ 24. Bxc1 Rd8 25. Ke2 Rd7 26. Qf5 Kc7
27. Bf4+ Kc8 28. Rc1+ Kd8 29. Qf8# 1-0

[Event "Ogolnopolska Olimpiada Mlodziezy D-14"]
[Site "Spala"]
[Date "1899-12-30"]
[Round "7.14"]
[White "Karykowska, Anna"]
[Black "Ossolinska, Matylda"]
[Result "1-0"]
[WhiteTitle "I+"]
[BlackTitle "II"]
[WhiteElo "1525"]
[BlackElo "1426"]

1. e4 d6 2. d4 e5 3. Nc3 Nf6 4. Nge2 Nbd7 5. g3 Be7 6. Bg2 O-O 7. O-O c6 8. b3
Re8 9. Bb2 Qc7 10. Qd2 Bf8 11. Rad1 b5 12. a4 b4 13. Na2 a5 14. c3 exd4 15. cxb4
axb4 16. Nxd4 Nxe4 17. Qc2 Ndc5 18. Nxb4 Bb7 19. Rfe1 d5 20. Nd3 Nxd3 21. Qxd3
Bb4 22. Re3 Ba6 23. Qc2 Nc5 24. Rxe8+ Rxe8 25. Bc3 Bxc3 26. Qxc3 Qb6 27. a5 Qd8
28. Qxc5 Qf6 29. Qxc6 Qxc6 30. Nxc6 g6 31. Bxd5 Kg7 32. Bc4 Bb7 33. Nb4 h5 34.
a6 Ba8 35. a7 Re7 36. Ra1 h4 37. Bd5 Re8 38. Bxa8 Rxa8 39. Nd5 h3 40. Nb6 Rxa7
41. Rxa7 g5 42. Na4 g4 43. b4 Kg6 44. b5 f5 45. b6 f4 46. b7 fxg3 47. fxg3 Kf6
48. b8=Q Ke6 49. Qd8 Kf5 1-0

[Event "Ogolnopolska Olimpiada Mlodziezy D-14"]
[Site "Spala"]
[Date "1899-12-30"]
[Round "7.15"]
[White "Wojcik, Jagoda"]
[Black "Szelag, Zuzanna"]
[Result "0-1"]
[WhiteTitle "I"]
[BlackTitle "I"]
[WhiteElo "1407"]
[BlackElo "1534"]

1. e4 c5 2. Nf3 Nc6 3. d4 cxd4 4. Nxd4 g6 5. c4 Nf6 6. Nc3 d6 7. Be2 Nxd4 8. Qxd4
Bg7 9. Be3 O-O 10. Qd2 Be6 11. O-O Qd7 12. Rac1 Rfc8 13. b3 b6 14. f3 Qb7 15.
Nb5 Bd7 16. Nd4 a6 17. Nc2 b5 18. cxb5 axb5 19. Nb4 Ne8 20. Nd5 Be6 21. Nb6 Rxc1
22. Rxc1 Ra6 23. Bxb5 Rxb6 24. Bxe8 Ra6 25. Qc2 Qa8 26. Ba4 Ra5 27. Qc7 Bf6 28.
Bc6 Qa6 29. Kh1 Kg7 30. Bb7 Qb5 31. a4 Qb4 32. Bb6 Rh5 33. a5 Be5 34. h3 Bxh3
35. Kg1 Bd4+ 36. Bxd4+ Qxd4+ 37. Kf1 Bxg2+ 38. Kxg2 Qd2+ 39. Kg1 Qg5+ 40. Kf1
Rh1+ 41. Ke2 Rh2+ 42. Kd3 Qd2+ 43. Kc4 Qxc1+ 44. Kb5 Qxc7 45. a6 Rh5+ 0-1

[Event "Ogolnopolska Olimpiada Mlodziezy D-14"]
[Site "Spala"]
[Date "1899-12-30"]
[Round "7.16"]
[White "Trusz, Julia"]
[Black "Bochniarz, Katarzyna"]
[Result "1/2-1/2"]
[WhiteTitle "I"]
[BlackTitle "II"]
[WhiteElo "1533"]
[BlackElo "1192"]

1. e4 e5 2. Nf3 Nf6 3. Nxe5 d6 4. Nf3 Nxe4 5. c4 Be7 6. Nc3 Nxc3 7. bxc3 Be6 8.
d4 Bf6 9. Qc2 O-O 10. Bd3 h6 11. O-O c6 12. Bf4 d5 13. c5 Re8 14. Rfe1 Nd7 15.
Ne5 Bxe5 16. Bxe5 Nxe5 17. Rxe5 Qf6 18. Rae1 Rab8 19. Qe2 Kf8 20. Bf5 Re7 21.
Bxe6 Rxe6 22. Rxe6 Qxe6 23. Qxe6 fxe6 24. Rxe6 Kf7 25. Re3 Re8 26. Rxe8 Kxe8 27.
f4 Kf7 28. Kf2 Kf6 29. Kf3 g6 30. g4 Ke6 31. Ke3 Kf6 32. Kf2 Ke6 33. Kg3 Kf7 34.
Kh4 Kg7 35. f5 gxf5 36. gxf5 Kf6 37. Kh5 Kxf5 38. h4 b6 39. Kxh6 Kf6 40. Kh7 Kf7
41. h5 b5 42. Kh6 Kf6 43. Kh7 Kf7 44. a3 a6 45. Kh6 Kf6 46. Kh7 Kf7 47. h6 a5
48. Kh8 Kf8 49. Kh7 Kf7 50. Kh8 Kf8 51. Kh7 1/2-1/2

[Event "Ogolnopolska Olimpiada Mlodziezy D-14"]
[Site "Spala"]
[Date "1899-12-30"]
[Round "7.17"]
[White "Ziziuk, Martyna"]
[Black "Ciesinska, Weronika"]
[Result "0-1"]
[WhiteTitle "II+"]
[BlackTitle "II"]
[WhiteElo "1412"]
[BlackElo "1335"]

1. c4 Nf6 2. Nc3 g6 3. g3 Bg7 4. Bg2 O-O 5. d4 c6 6. Nf3 d6 7. O-O Qa5 8. Qb3 Nbd7
9. Bd2 Qb6 10. Qc2 d5 11. c5 Qd8 12. b4 a6 13. a4 Re8 14. b5 e5 15. Nxe5 Nxe5
16. dxe5 Bf5 17. Qc1 Rxe5 18. e3 Ne4 19. Nxe4 Bxe4 20. Bc3 Bxg2 21. Kxg2 Re4 22.
Bxg7 Kxg7 23. Qb2+ Qf6 24. Qxf6+ Kxf6 25. b6 Rae8 26. Rfc1 Rb4 27. Rcb1 Ree4 28.
Rxb4 Rxb4 29. Kf3 Rc4 30. Ke2 Rxc5 31. Kd3 Rc4 32. f3 Rb4 33. a5 Ke5 34. Ra2 f5
35. h4 h5 36. Kc3 Rc4+ 37. Kd2 Kd6 38. Ra3 Kc5 39. Ra2 Kb5 40. Kd3 Ra4 41. Rb2+
Kxa5 42. Kc3 Rc4+ 43. Kd3 Rb4 44. Rg2 Kxb6 45. Rc2 a5 46. Kd4 0-1

[Event "Ogolnopolska Olimpiada Mlodziezy D-14"]
[Site "Spala"]
[Date "1899-12-30"]
[Round "7.19"]
[White "Borkowska, Zuzanna"]
[Black "Gowin, Malgorzata"]
[Result "1/2-1/2"]
[WhiteTitle "II+"]
[BlackTitle "II+"]
[WhiteElo "1342"]
[BlackElo "1458"]

1. d4 d5 2. c4 dxc4 3. Nf3 Nf6 4. Nc3 e6 5. e4 Be7 6. Bxc4 h6 7. O-O O-O 8. Be3
Bb4 9. Qd3 Bxc3 10. bxc3 a6 11. Bb3 Nh7 12. Bc2 f5 13. exf5 exf5 14. Qc4+ Kh8
15. Ne5 Qe8 16. Bb3 Nd7 17. Nf7+ Rxf7 18. Qxf7 Qxf7 19. Bxf7 Nhf6 20. Be6 Nb6
21. Bxc8 Rxc8 22. f3 Nc4 23. Rfe1 Nd5 24. Bf2 b5 25. Rac1 Rd8 26. Re6 Ra8 27.
g4 f4 28. Rc6 Kg8 29. Rc5 Rd8 30. a4 Nd2 31. axb5 Nb3 32. Rb1 Nxc5 33. dxc5 Nxc3
34. Rb4 axb5 35. Rb2 c6 36. Be1 Nd1 37. Rb4 g5 38. Re4 Kf7 39. h4 Re8 40. Rxe8
Kxe8 41. hxg5 hxg5 1/2-1/2

[Event "Ogolnopolska Olimpiada Mlodziezy D-14"]
[Site "Spala"]
[Date "1899-12-30"]
[Round "7.20"]
[White "Tkaczyk, Weronika"]
[Black "Malinowska, Monika"]
[Result "0-1"]
[WhiteTitle "II"]
[BlackTitle "II+"]
[WhiteElo "1372"]
[BlackElo "1326"]

1. e4 e5 2. f4 Bc5 3. Nf3 d6 4. Nc3 Nf6 5. fxe5 dxe5 6. Nxe5 Qd4 7. Nd3 Bb6 8.
e5 Ng4 9. Qe2 O-O 10. b3 Re8 11. Bb2 Nxe5 12. O-O-O Bg4 13. Ne4 Bxe2 14. Bxd4
Nxd3+ 15. cxd3 Bxd1 16. Bxb6 axb6 17. Kxd1 Rxa2 18. Kc1 Nc6 19. g3 f5 20. Nc3
Re1+ 21. Nd1 Ra1+ 22. Kc2 Raxd1 23. Be2 Rc1+ 24. Kb2 Rxh1 0-1

[Event "Ogolnopolska Olimpiada Mlodziezy D-14"]
[Site "Spala"]
[Date "1899-12-30"]
[Round "7.21"]
[White "Kindler, Karolina"]
[Black "Samujlo, Agnieszka"]
[Result "1-0"]
[WhiteTitle "I"]
[BlackTitle "II"]
[WhiteElo "1438"]
[BlackElo "1216"]

1. e4 e5 2. Nf3 Nc6 3. Bc4 h6 4. Nc3 Nf6 5. d3 Bb4 6. Bd2 d6 7. h3 Be6 8. Bb3 O-O
9. g4 Bxb3 10. axb3 Bxc3 11. Bxc3 Nh7 12. h4 f6 13. Qe2 Qe7 14. O-O-O Rad8 15.
Bd2 Nd4 16. Nxd4 exd4 17. f4 d5 18. Rde1 dxe4 19. dxe4 Qc5 20. Kb1 Qe7 21. Qh2
c5 22. g5 h5 23. g6 Qd7 24. gxh7+ Kxh7 25. Qg3 Rg8 26. Reg1 Qf7 27. Rg2 g6 28.
Rhg1 Rg7 29. f5 Rdg8 30. Qf4 Kh8 31. Qh6+ Rh7 32. fxg6 Rxh6 33. gxf7 Rf8 34. Rg8+
1-0

[Event "Ogolnopolska Olimpiada Mlodziezy D-14"]
[Site "Spala"]
[Date "1899-12-30"]
[Round "7.22"]
[White "Borsuk, Aleksandra"]
[Black "Surpeta, Julia"]
[Result "0-1"]
[WhiteTitle "II"]
[BlackTitle "II"]
[WhiteElo "1228"]
[BlackElo "1130"]

1. e4 c5 2. Nf3 d6 3. d3 Nf6 4. g3 e6 5. Bg2 Nc6 6. O-O Be7 7. c3 d5 8. Nbd2 O-O
9. Qc2 b5 10. a3 a5 11. c4 b4 12. a4 Ba6 13. b3 Bd6 14. Re1 Qc7 15. Bb2 d4 16.
Nf1 e5 17. Bc1 Nd7 18. Bd2 f5 19. h3 f4 20. Qd1 Rf7 21. Ng5 Rf6 22. Qh5 fxg3 23.
Qxh7+ Kf8 24. Nxg3 Ke8 25. Qxg7 Bf8 26. Qh7 Ne7 27. Nh5 Rh6 28. Qf7+ Kd8 29. Ne6+
Rxe6 30. Qxe6 Nc6 31. Bg5+ Kc8 32. Nf6 Be7 33. Nd5 Qd6 34. Qxd6 Bxd6 35. Bf3 Kb7
36. Bg4 Nb6 37. Kh2 Nxd5 38. exd5 Na7 39. f3 Rg8 40. Bf6 e4+ 41. Kh1 exf3 42.
Bxf3 Rf8 43. Re6 Nc8 44. Bg4 Kb8 45. Be5 Rd8 46. Bxd6+ Nxd6 47. Rae1 Bc8 48. Rg6
Bb7 49. Kg2 Nf7 50. Rge6 Nd6 51. Rg6 Nf7 52. Be6 Re8 53. Re4 Nd6 54. Reg4 Nxc4
55. dxc4 d3 56. Rg8 d2 57. Rxe8+ Ka7 58. Rgg8 d1=Q 59. Rg3 Qe2+ 0-1

[Event "Ogolnopolska Olimpiada Mlodziezy D-14"]
[Site "Spala"]
[Date "1899-12-30"]
[Round "8.1"]
[White "Sliwicka, Alicja"]
[Black "Antolak, Julia"]
[Result "0-1"]
[WhiteTitle "WFM"]
[BlackTitle "I++"]
[WhiteElo "1841"]
[BlackElo "1809"]

1. e4 c5 2. c4 e5 3. Ne2 g6 4. g3 Bg7 5. Bg2 Ne7 6. O-O O-O 7. Nbc3 Nbc6 8. d3
d6 9. a3 Be6 10. Rb1 a5 11. Kh1 Kh8 12. f4 f5 13. Nb5 Rb8 14. b3 Nd4 15. Nexd4
cxd4 16. fxe5 dxe5 17. a4 fxe4 18. Rxf8+ Qxf8 19. Bxe4 Bg4 20. Qe1 Nc6 21. Kg2
Qf6 22. h3 Bf5 23. Ba3 Nb4 24. Bxb4 axb4 25. Bxf5 gxf5 26. Qxb4 Qg5 27. Qe1 Rf8
28. h4 Qg6 29. Qe2 f4 30. Qf3 e4 31. dxe4 fxg3 32. h5 Qg5 33. Qxg3 Qxh5 34. Re1
Be5 35. Qh3 Rg8+ 0-1

[Event "Ogolnopolska Olimpiada Mlodziezy D-14"]
[Site "Spala"]
[Date "1899-12-30"]
[Round "8.2"]
[White "Guzik, Natalia"]
[Black "Parol, Pola"]
[Result "0-1"]
[WhiteTitle "I"]
[BlackTitle "I"]
[WhiteElo "1498"]
[BlackElo "1734"]

1. c4 Nf6 2. Nc3 e5 3. g3 Bb4 4. Bg2 O-O 5. Nf3 d6 6. O-O Nc6 7. a3 Bxc3 8. bxc3
Be6 9. d3 h6 10. h3 Nd7 11. Rb1 Nb6 12. Be3 Qc8 13. Kh2 f5 14. c5 Nd5 15. Bd2
dxc5 16. c4 Nb6 17. Bc3 e4 18. Ne5 Nxe5 19. Bxe5 Nd7 20. Ba1 c6 21. Qb3 b6 22.
dxe4 fxe4 23. Qc2 Nf6 24. Bxf6 Rxf6 25. g4 Qc7+ 26. Kg1 Qf7 27. Rbc1 Rf8 28. e3
h5 29. Qxe4 hxg4 30. hxg4 Rxf2 31. Qxc6 Bxc4 32. Rfd1 Rf6 33. Qe4 Be6 34. Rd2
Qg6 35. Qb7 R6f7 36. Qc6 Qxg4 37. Rd6 Rf6 38. Rcd1 Kh8 39. e4 Rh6 40. Rd8 Rhf6
41. e5 Rf4 42. R1d6 Bc4 43. Rg6 Rf1+ 44. Kh2 Qh4+ 45. Bh3 Rxd8 46. Qg2 Rf2 47.
e6 Rxg2+ 48. Rxg2 Qf4+ 49. Kh1 Rd1+ 50. Rg1 Bd5+ 51. Bg2 Qh4# 0-1

[Event "Ogolnopolska Olimpiada Mlodziezy D-14"]
[Site "Spala"]
[Date "1899-12-30"]
[Round "8.3"]
[White "Kaczmarska, Joanna"]
[Black "Socko, Weronika"]
[Result "1/2-1/2"]
[WhiteTitle "I++"]
[BlackTitle "II+"]
[WhiteElo "1724"]
[BlackElo "1518"]

1. d4 e6 2. c4 d5 3. Nc3 Nf6 4. cxd5 exd5 5. Bg5 Be7 6. e3 O-O 7. Bd3 h6 8. Bh4
c6 9. Qc2 Ng4 10. Bxe7 Qxe7 11. Nf3 Nd7 12. O-O Qd6 13. h3 Ngf6 14. Nh4 Nb6 15.
Rae1 g5 16. Nf5 Bxf5 17. Bxf5 Rae8 18. b3 Re7 19. Ne2 Ne4 20. f4 Qf6 21. Bxe4
dxe4 22. Ng3 Kh8 23. f5 Rfe8 24. Nh5 Qd6 25. f6 Rd7 26. Ng7 Rg8 27. Qxe4 Nd5 28.
Nh5 Rdd8 29. Qf5 g4 30. hxg4 Rg5 31. Qf3 Rdg8 32. Ng7 Nxf6 33. Qxf6 Qxf6 34. Rxf6
Kxg7 35. Rf4 Kf8 36. Ref1 R8g7 37. R1f2 Rxg4 38. Rxg4 Rxg4 39. Rf5 Rh4 40. g3
Rg4 41. Kf2 Rg6 42. Kf3 Ke7 43. g4 Re6 44. Kf4 Rg6 45. Ra5 a6 46. Rf5 Rd6 47.
b4 Rg6 48. e4 Rd6 49. d5 cxd5 50. Rxd5 Rb6 51. a3 Rc6 52. Rc5 Rf6+ 53. Ke5 Re6+
54. Kd4 Rd6+ 55. Ke3 Ke6 56. e5 Rd1 57. Rc7 Ra1 58. Rxb7 Rxa3+ 59. Ke4 Ra4 60.
Rb6+ Ke7 61. Kf5 Ra1 62. Rxh6 Rf1+ 63. Ke4 Rg1 64. Kf3 Rf1+ 65. Ke4 Rg1 66. Kf5
Rf1+ 67. Kg5 Ra1 68. Rb6 Ra2 69. Kf5 Rf2+ 70. Ke4 Rg2 71. Rb7+ Ke6 72. Rb6+ Ke7
73. Kd5 Rxg4 74. Kc5 Re4 75. Rxa6 Rxe5+ 76. Kc4 Re4+ 77. Kc5 Re5+ 78. Kc6 Re6+
79. Kb7 f5 80. b5 f4 81. b6 f3 82. Ra1 Kd7 83. Rf1 Re3 84. Rf2 Rd3 85. Ka7 Ra3+
86. Kb7 Rd3 1/2-1/2

[Event "Ogolnopolska Olimpiada Mlodziezy D-14"]
[Site "Spala"]
[Date "1899-12-30"]
[Round "8.4"]
[White "Frej, Zofia"]
[Black "Humin, Julia"]
[Result "1-0"]
[WhiteTitle "I+"]
[BlackTitle "II+"]
[WhiteElo "1747"]
[BlackElo "1418"]

1. e4 c5 2. Nf3 Nc6 3. d4 cxd4 4. Nxd4 Nf6 5. Nc3 e5 6. Ndb5 d6 7. Bg5 a6 8. Na3
b5 9. Bxf6 gxf6 10. Nd5 Bg7 11. Bd3 O-O 12. O-O Be6 13. Qh5 Ne7 14. Nxe7+ Qxe7
15. c4 bxc4 16. Nxc4 Rac8 17. b3 Rc6 18. Rae1 Kh8 19. Re3 Rg8 20. Rg3 Rcc8 21.
h3 h6 22. Ne3 Kh7 23. Nd5 Qb7 24. Qe2 Ra8 25. Bc4 f5 26. Rd1 fxe4 27. Qxe4+ f5
28. Nf6+ Bxf6 29. Qxb7+ Kh8 30. Rxg8+ Rxg8 31. Bxe6 Rg7 32. Qxa6 f4 33. Qc8+ Kh7
34. Bf5+ Rg6 35. Qd7+ Bg7 36. Rxd6 Kg8 37. Bxg6 e4 38. Qf7+ Kh8 39. Rd8+ 1-0

[Event "Ogolnopolska Olimpiada Mlodziezy D-14"]
[Site "Spala"]
[Date "1899-12-30"]
[Round "8.5"]
[White "Cieslak, Wiktoria"]
[Black "Trembowiecka-wysota, Aleksandra"]
[Result "1-0"]
[WhiteTitle "I"]
[BlackTitle "I"]
[WhiteElo "1615"]
[BlackElo "1451"]

1. e4 c5 2. Nf3 d6 3. d4 cxd4 4. Nxd4 Nf6 5. Nc3 g6 6. Be2 Bg7 7. Be3 O-O 8. Qd2
Nc6 9. O-O-O Nxd4 10. Bxd4 Be6 11. f4 Qa5 12. a3 Rfc8 13. Rhf1 Rab8 14. Qe3 b5
15. f5 b4 16. fxe6 Rxc3 17. exf7+ Kh8 18. Bxc3 bxc3 19. bxc3 Qxa3+ 20. Kd2 Nxe4+
21. Kd3 Nc5+ 22. Kd2 Bxc3+ 23. Qxc3+ Qxc3+ 24. Kxc3 1-0

[Event "Ogolnopolska Olimpiada Mlodziezy D-14"]
[Site "Spala"]
[Date "1899-12-30"]
[Round "8.6"]
[White "Trybowska, Barbara"]
[Black "Daliga, Anita"]
[Result "0-1"]
[WhiteTitle "I"]
[BlackTitle "II+"]
[WhiteElo "1457"]
[BlackElo "1390"]

1. e4 e5 2. Nf3 Nc6 3. Bc4 Bc5 4. d3 Nf6 5. Bg5 d6 6. h3 Be6 7. Bb3 h6 8. Bh4 a6
9. O-O g5 10. Bg3 Qd7 11. Bxe6 fxe6 12. c3 O-O-O 13. b4 Ba7 14. a4 Rdg8 15. b5
Nb8 16. bxa6 Nxa6 17. Nbd2 h5 18. h4 gxh4 19. Bxh4 Qg7 20. g3 Nc5 21. Bxf6 Qxf6
22. d4 Nd7 23. Nb3 Qg6 24. Qe1 Nf6 25. Nbd2 exd4 26. cxd4 e5 27. a5 h4 28. Kg2
hxg3 29. fxg3 Nh5 30. Rg1 exd4 31. Qf2 Nf4+ 32. Kf1 Nh3 33. Qe2 Nxg1 34. Nxg1
Qxg3 35. Ndf3 d3 36. Qxd3 Bxg1 37. Qe2 Rf8 0-1